Экономика предприятия: учебно-методическое пособие

Bibliographische Detailangaben
1. Verfasser: Прокофьев Ю. С. Юрий Степанович
Körperschaft: Национальный исследовательский Томский политехнический университет (ТПУ)
Weitere Verfasser: Калмыкова Е. Ю. Екатерина Юрьевна
Zusammenfassung:Пособие подготовлено на кафедре менеджмента и предназначено для студентов, обучающихся по специальностям 080502 «Экономика и управление на предприятии» и 080507 «Менеджмент организации»
Sprache:Russisch
Veröffentlicht: Томск, Изд-во ТПУ, 2010
Schlagworte:
Format: MixedMaterials Buch
KOHA link:https://koha.lib.tpu.ru/cgi-bin/koha/opac-detail.pl?biblionumber=192465

MARC

LEADER 00000nam0a2200000 4500
001 192465
005 20231101224424.0
035 |a (RuTPU)RU\TPU\book\209881 
090 |a 192465 
100 |a 20110228d2010 m y0rusy50 ca 
101 0 |a rus 
102 |a RU 
105 |a a j 001zy 
200 1 |a Экономика предприятия  |e учебно-методическое пособие  |f Ю. С. Прокофьев, Е. Ю. Калмыкова  |g Национальный исследовательский Томский политехнический университет (ТПУ) 
210 |a Томск  |c Изд-во ТПУ  |d 2010 
215 |a 46 с.  |c ил. 
320 |a Библиогр.: с. 45. 
330 |a Пособие подготовлено на кафедре менеджмента и предназначено для студентов, обучающихся по специальностям 080502 «Экономика и управление на предприятии» и 080507 «Менеджмент организации» 
606 1 |a Предприятия  |x Экономика  |2 stltpush  |3 (RuTPU)RU\TPU\subj\36689  |9 57982 
610 1 |a имущество 
610 1 |a технологическое оборудование 
610 1 |a стоимость 
610 1 |a нематериальные активы 
610 1 |a оборотные средства 
610 1 |a производственные запасы 
610 1 |a готовая продукция 
610 1 |a денежные средства 
610 1 |a уставной капитал 
610 1 |a баланс 
610 1 |a затраты 
610 1 |a заработная плата 
610 1 |a социальные нужды 
610 1 |a продукция 
610 1 |a себестоимость 
610 1 |a продажи 
610 1 |a калькулирование 
610 1 |a учебные пособия 
610 1 |a труды учёных ТПУ 
686 |a У9(2)29я73  |v LBC/SL-A  |2 rubbk 
700 1 |a Прокофьев  |b Ю. С.  |c специалист в области менеджмента  |c доцент Томского политехнического университета  |g Юрий Степанович  |2 stltpush  |3 (RuTPU)RU\TPU\pers\27166 
701 1 |a Калмыкова  |b Е. Ю.  |c специалист в области менеджмента  |c доцент Томского политехнического университета  |g Екатерина Юрьевна  |2 stltpush  |3 (RuTPU)RU\TPU\pers\27167 
712 0 2 |a Национальный исследовательский Томский политехнический университет (ТПУ)  |c (2009- )  |2 stltpush  |3 (RuTPU)RU\TPU\col\15902 
801 1 |a RU  |b 63413507  |c 20110228 
801 2 |a RU  |b 63413507  |c 20220422  |g RCR 
900 |a Экономика предприятия 
942 |c BK